[Event "World Rapid Women 2019"]
[Site "Moscow RUS"]
[Date "2019.12.27"]
[Round "8.7"]
[White "Abdumalik, Zhansaya"]
[Black "Girya, Olga"]
[Result "0-1"]
[WhiteTitle "IM"]
[BlackTitle "WGM"]
[WhiteElo "2465"]
[BlackElo "2488"]
[WhiteFideId "13703544"]
[BlackFideId "4195752"]
[EventDate "2019.12.26"]

1. e4 c6 2. d4 d5 3. e5 Bf5 4. Nf3 e6 5. Be2 Ne7 6. O-O c5 7. c4 Nbc6 8. dxc5
dxc4 9. Bxc4 Ng6 10. Qa4 Bxc5 11. b4 Bb6 12. Rd1 Qb8 13. Bb2 O-O 14. Re1 Bc7 15.
Qb5 a6 16. Qc5 Rc8 17. Nbd2 Bd8 18. b5 Be7 19. Qb6 axb5 20. Qxb5 Ra5 21. Qb3 Qa7
22. a4 Bc5 23. Rf1 Nd4 24. Nxd4 Bxd4 25. Bxd4 Qxd4 26. Qxb7 Raa8 27. Rad1 Bc2
28. Be2 Bxd1 29. Nf3 Qxa4 30. Bxd1 Qa5 31. Qe4 h6 32. h4 Qc3 33. h5 Ne7 34. Kh2
Qc4 35. Qe1 Ra1 36. Kg1 Rd8 37. Qe2 Qxe2 38. Bxe2 Rxf1+ 39. Kxf1 Rd5 40. g3 Nc6
41. Kg2 Nxe5 42. Nh4 Rd2 43. Kf1 Kf8 44. f4 Nc6 45. Nf3 Rb2 46. Kf2 Ke7 47. Ke3
Kd6 48. g4 Rb3+ 49. Kf2 Rb2 50. Ke3 Nb4 51. Bc4 Nd5+ 52. Bxd5 Kxd5 53. Ne5 Rb3+
54. Kf2 Ke4 55. Nxf7 Kxf4 56. Nd8 Rb2+ 57. Kf1 e5 58. Ne6+ Kxg4 59. Nxg7 Rb7 60.
Ne8 Kxh5 61. Ke2 Kg5 62. Nd6 Rb3 63. Nf7+ Kf4 64. Nxh6 Rb2+ 65. Ke1 Rb7 66. Ng8
Kg5 67. Ke2 Rg7 0-1

[Event "World Rapid Women 2019"]
[Site "Moscow RUS"]
[Date "2019.12.27"]
[Round "8.8"]
[White "Stefanova, Antoaneta"]
[Black "Atalik, Ekaterina"]
[Result "0-1"]
[WhiteTitle "GM"]
[BlackTitle "IM"]
[WhiteElo "2476"]
[BlackElo "2462"]
[WhiteFideId "2902257"]
[BlackFideId "4130189"]
[EventDate "2019.12.26"]

1. Nf3 d5 2. c4 e6 3. g3 Nf6 4. Bg2 dxc4 5. Qa4+ Bd7 6. Qxc4 Bc6 7. O-O Be7 8.
d3 O-O 9. e4 Nbd7 10. Rd1 Nb6 11. Qc2 Rc8 12. Nc3 Bb4 13. Bf4 Qe7 14. a3 Bxc3
15. Qxc3 Rfd8 16. Rac1 h6 17. Be3 Bb5 18. Ne5 Nfd7 19. Nxd7 Rxd7 20. b3 Rcd8 21.
Bc5 Qg5 22. d4 c6 23. h4 Qg6 24. a4 Be2 25. Rd2 Ba6 26. f4 f5 27. a5 Nc8 28. Re1
b6 29. axb6 axb6 30. Ba3 c5 31. d5 exd5 32. exd5 Nd6 33. Re6 Qf7 34. Bb2 Ne4 35.
Bxe4 fxe4 36. Rxb6 Bd3 37. Qxc5 Rxd5 38. Qe3 R5d7 39. Be5 Qf5 40. Kh2 Bf1 41.
Rbd6 Rxd6 42. Bxd6 Rxd6 43. Kg1 Rxd2 44. Qxd2 Bd3 45. Qc3 Qg4 46. Qe1 Qf3 47. b4
e3 48. b5 Bxb5 49. Qc3 Bc6 50. Qc4+ Kh8 0-1

[Event "World Rapid Women 2019"]
[Site "Moscow RUS"]
[Date "2019.12.27"]
[Round "8.9"]
[White "Saduakassova, Dinara"]
[Black "Zimina, Olga"]
[Result "1/2-1/2"]
[WhiteTitle "IM"]
[BlackTitle "IM"]
[WhiteElo "2505"]
[BlackElo "2390"]
[WhiteFideId "13700090"]
[BlackFideId "4132190"]
[EventDate "2019.12.26"]

1. d4 d5 2. c4 c6 3. Nf3 Nf6 4. e3 Bg4 5. Nc3 e6 6. Qb3 Qb6 7. Nh4 Bh5 8. h3 g5
9. Nf3 h6 10. c5 Qc7 11. Bd3 Nbd7 12. g4 Bg6 13. Bxg6 fxg6 14. Qc2 Rg8 15. e4
dxe4 16. Nxe4 Nd5 17. Be3 O-O-O 18. O-O-O Be7 19. Nfd2 N7f6 20. Nxf6 Nxf6 21.
Nc4 Rd5 22. Rhe1 Qh2 23. Rd3 Nd7 24. Ra3 Qb8 25. Qa4 Rf8 26. Qxa7 Qxa7 27. Rxa7
Kb8 28. Ra4 Rf3 29. Rb4 Kc7 30. Rb3 Rxh3 31. Bf4+ gxf4 32. Rxh3 Rxd4 33. Ne5
Nxc5 34. Nxg6 Bf6 35. Rd1 Rc4+ 36. Kb1 Rb4 37. b3 Ne4 38. Nxf4 Nxf2 39. Nd3 Nxd3
40. Rdxd3 Rxg4 41. Rxh6 Rg1+ 42. Kc2 Rg2+ 43. Kd1 Rf2 44. Rh7+ Kb6 45. a4 Ka6
46. Rdd7 b5 47. Ra7+ Kb6 48. b4 c5 49. Rab7+ Kc6 50. Rhc7+ Kd5 51. Rxc5+ Ke4 52.
axb5 Kd3 53. Rd7+ Bd4 54. Ke1 Rg2 55. Rf7 Rb2 56. Rf3+ Ke4 57. Rc4 Kxf3 58. Rxd4
Ke3 59. Rd6 Rb1+ 60. Rd1 Rxb4 61. Ra1 Rxb5 62. Ra3+ Kf4 63. Rc3 e5 64. Ra3 e4
65. Ke2 Rb2+ 66. Ke1 Rh2 67. Rb3 Rg2 68. Ra3 Rb2 69. Rc3 1/2-1/2

[Event "World Rapid Women 2019"]
[Site "Moscow RUS"]
[Date "2019.12.27"]
[Round "8.10"]
[White "Gunina, Valentina"]
[Black "Assaubayeva, Bibisara"]
[Result "1-0"]
[WhiteTitle "GM"]
[BlackTitle "FM"]
[WhiteElo "2492"]
[BlackElo "2375"]
[WhiteFideId "4167570"]
[BlackFideId "13708694"]
[EventDate "2019.12.26"]

1. d4 d5 2. c4 c6 3. Nf3 Nf6 4. e3 Bf5 5. Nc3 e6 6. Nh4 Be4 7. f3 Bg6 8. Qb3 Qc7
9. Bd2 Be7 10. cxd5 cxd5 11. Nxg6 hxg6 12. g3 Nc6 13. Be2 a6 14. Rc1 Bd6 15. f4
g5 16. fxg5 Bxg3+ 17. Kd1 Nd7 18. g6 f5 19. Nxd5 exd5 20. Qxd5 Qd6 21. Qf7+ Kd8
22. Qxg7 Qf6 23. Qxf6+ Nxf6 24. g7 Rh7 25. Rg1 Rxg7 26. Rxg3 Rxg3 27. hxg3 Kd7
28. Rc5 Ne7 29. Bf3 Rb8 30. Ke2 b6 31. Rc1 Rg8 32. Rg1 Ke6 33. Kd3 Nc8 34. g4
fxg4 35. Bg2 Ne7 36. e4 Ng6 37. Rc1 Nh4 38. Rc6+ Kd7 39. Rxf6 Nxg2 40. e5 g3 41.
d5 Nh4 42. Be3 g2 43. Bg1 Rg4 44. Ke3 Ng6 45. Rf7+ Ke8 46. e6 Ne5 47. Rc7 Rh4
48. Ke2 Re4+ 49. Kf2 Rd4 50. Kxg2 Rxd5 51. Bxb6 Nd3 52. Rc6 Re5 53. Kf3 Ke7 54.
Rc7+ Kxe6 55. Bd4 Ne1+ 56. Kg3 Re2 57. a4 Kd5 58. Bc3 Nd3 59. Rd7+ Kc4 60. Rd4+
Kb3 61. Rxd3 Kxa4 62. Kf3 Re8 63. Rd5 Re6 64. Ra5+ Kb3 65. Kf4 Kc4 66. Kf5 Rh6
67. Ke4 Rh4+ 68. Ke3 Rh3+ 69. Kd2 Rh2+ 70. Kc1 Rh6 71. Kc2 Rh2+ 72. Bd2 1-0

[Event "World Rapid Women 2019"]
[Site "Moscow RUS"]
[Date "2019.12.27"]
[Round "8.11"]
[White "Mammadova, Gulnar"]
[Black "Charochkina, Daria"]
[Result "0-1"]
[WhiteTitle "IM"]
[BlackTitle "IM"]
[WhiteElo "2386"]
[BlackElo "2355"]
[WhiteFideId "13403508"]
[BlackFideId "4180917"]
[EventDate "2019.12.26"]

1. e4 c5 2. Nf3 e6 3. b3 Nc6 4. c4 Be7 5. Bb2 Nf6 6. e5 Ng4 7. h3 Nh6 8. Be2 O-O
9. O-O Nf5 10. Nc3 d5 11. cxd5 exd5 12. Bd3 Nb4 13. Bb1 d4 14. Ne4 b6 15. Re1
Qd7 16. a3 Nd5 17. Qc2 g6 18. Ng3 Ng7 19. h4 Bb7 20. Ng5 Nf4 21. f3 h6 22. N5e4
Bxh4 23. Nf6+ Bxf6 24. exf6 Nge6 25. d3 Rae8 26. Qd2 Qd5 27. Ne4 Qe5 28. g3 Nh5
29. f4 Qf5 30. Bc2 Nxf6 31. Qh2 Ng4 32. Qh3 h5 33. Bd1 Kg7 34. Bf3 Rd8 35. Re2
Bd5 36. Nd2 Qxd3 37. Bxg4 hxg4 38. Qxg4 Rh8 39. Nf1 Bf3 40. Rd2 Qxd2 41. Qxf3
Qxb2 42. Re1 Qc3 43. Qe4 d3 44. f5 Qd4+ 0-1

[Event "World Rapid Women 2019"]
[Site "Moscow RUS"]
[Date "2019.12.27"]
[Round "8.13"]
[White "Gaponenko, Inna"]
[Black "Batsiashvili, Nino"]
[Result "0-1"]
[WhiteTitle "IM"]
[BlackTitle "GM"]
[WhiteElo "2396"]
[BlackElo "2447"]
[WhiteFideId "14101181"]
[BlackFideId "13602993"]
[EventDate "2019.12.26"]

1. e4 g6 2. d4 Bg7 3. Nc3 d6 4. f4 a6 5. Nf3 b5 6. Bd3 Bb7 7. e5 c5 8. Be4 Bxe4
9. Nxe4 cxd4 10. exd6 Nc6 11. O-O Nh6 12. Ne5 Qb6 13. Qf3 O-O-O 14. Nxc6 Qxc6
15. dxe7 Rde8 16. Ng5 Qxf3 17. Nxf3 Rxe7 18. Bd2 Nf5 19. a4 Rc7 20. axb5 axb5
21. Ra5 Rxc2 22. Rxb5 Kd7 23. Rb7+ Rc7 24. Rxc7+ Kxc7 25. g4 Nd6 26. Ne5 Re8 27.
Rc1+ Kb7 28. Bb4 Bxe5 29. fxe5 Ne4 30. Rd1 Ng5 31. Kf2 Ne6 32. Rc1 g5 33. Kf3
Rh8 34. Ke4 Rd8 35. Rf1 Rd7 36. Bd6 Kc6 37. b4 Ra7 38. Rf3 Ra1 39. Rxf7 Re1+ 40.
Kd3 Kd5 41. Kd2 Rh1 42. Rf2 Nf4 43. b5 Rb1 44. Kc2 Rxb5 45. h4 h6 46. hxg5 hxg5
47. Be7 Ne6 48. Rf5 Ke4 49. Bxg5 d3+ 50. Kc3 Nxg5 51. Rxg5 Ke3 52. Rh5 Rc5+ 53.
Kb2 d2 54. Rh3+ Kd4 55. Rh1 Rxe5 56. Kc2 Re1 0-1

[Event "World Rapid Women 2019"]
[Site "Moscow RUS"]
[Date "2019.12.27"]
[Round "8.14"]
[White "Novikova, Anna"]
[Black "Galliamova, Alisa"]
[Result "1-0"]
[WhiteTitle "WIM"]
[BlackTitle "IM"]
[WhiteElo "2260"]
[BlackElo "2438"]
[WhiteFideId "4146794"]
[BlackFideId "4129725"]
[EventDate "2019.12.26"]

1. e4 c5 2. c3 d5 3. exd5 Qxd5 4. d4 Nf6 5. Nf3 e6 6. Bd3 Be7 7. O-O O-O 8. Be3
cxd4 9. cxd4 Nc6 10. Nc3 Qd8 11. a3 b6 12. Bc2 Bb7 13. Qd3 g6 14. Rad1 Rc8 15.
Rfe1 a6 16. Bh6 Re8 17. Bb3 b5 18. d5 exd5 19. Nxd5 Nxd5 20. Bxd5 Na5 21. Qd4
Bf8 22. Bxf7+ Kxf7 23. Qf4+ Kg8 24. Rxd8 Rcxd8 25. Rxe8 Rxe8 26. Ne5 Bd5 27.
Bxf8 Rxf8 28. Qd2 1-0

[Event "World Rapid Women 2019"]
[Site "Moscow RUS"]
[Date "2019.12.27"]
[Round "8.15"]
[White "Munguntuul, Batkhuyag"]
[Black "Mammadzada, Gunay"]
[Result "1-0"]
[WhiteTitle "IM"]
[BlackTitle "IM"]
[WhiteElo "2430"]
[BlackElo "2455"]
[WhiteFideId "4900758"]
[BlackFideId "13403729"]
[EventDate "2019.12.26"]

1. e4 c5 2. Nf3 d6 3. d4 cxd4 4. Nxd4 Nf6 5. Nc3 a6 6. Be2 e5 7. Nf3 Be7 8. Bg5
Be6 9. Bxf6 Bxf6 10. Nd5 Nd7 11. O-O O-O 12. Bc4 Nb6 13. Bb3 Nxd5 14. Bxd5 Qb6
15. Rb1 Rac8 16. c4 g6 17. Qd3 Qc7 18. b3 Qb8 19. Rfd1 Bd7 20. a4 Bd8 21. Ra1
Kg7 22. a5 f5 23. b4 f4 24. b5 Rc7 25. Rdb1 Qa8 26. bxa6 Qxa6 27. Rb6 Qa7 28.
Rxd6 Be7 29. Rb6 Bc5 30. Rb2 Re8 31. Rab1 Qxa5 32. Rxb7 Rxb7 33. Rxb7 Re7 34.
Qb1 Kf6 35. h3 g5 36. Qb2 Qd8 37. Qa1 Bc8 38. Nxe5 Rxe5 39. Rf7+ Kg6 40. Qxe5
Bf8 1-0

[Event "World Rapid Women 2019"]
[Site "Moscow RUS"]
[Date "2019.12.27"]
[Round "8.16"]
[White "Ovod, Evgenija"]
[Black "Danielian, Elina"]
[Result "0-1"]
[WhiteTitle "IM"]
[BlackTitle "GM"]
[WhiteElo "2362"]
[BlackElo "2399"]
[WhiteFideId "4131827"]
[BlackFideId "13300210"]
[EventDate "2019.12.26"]

1. e4 d6 2. d4 Nf6 3. Bd3 c6 4. Nf3 Bg4 5. Nbd2 e6 6. O-O d5 7. c3 Be7 8. exd5
cxd5 9. Qb3 Qc8 10. Ne5 Bh5 11. f4 Bg6 12. Qa4+ Kf8 13. Bxg6 hxg6 14. Ndf3 Nfd7
15. Bd2 Nc6 16. Rae1 Kg8 17. Qd1 Qc7 18. Qe2 Nf8 19. Qd3 Re8 20. b4 a6 21. a4
Bd6 22. g3 Ne7 23. Ng5 f6 24. Ngf7 Bxe5 25. Nxh8 Bd6 26. Nxg6 Nexg6 27. f5 Ne7
28. fxe6 Qc6 29. Qf3 Qxa4 30. Qh5 Neg6 31. Qxd5 Qc6 32. Qf5 Ne7 33. Qg4 Nh7 34.
Bh6 g6 35. Bd2 Qd5 36. Rc1 b5 37. Ra1 Qc6 38. h4 Kh8 39. Kh2 Bc7 40. Kh3 f5 41.
Qe2 Nd5 42. Rfe1 Qd6 43. Qf3 Nhf6 44. Re5 Rxe6 45. Rae1 Ne4 46. Bf4 Nxf4+ 47.
gxf4 Qd7 48. Rxe6 Qxe6 49. Re3 Qd6 50. Rxe4 fxe4 51. Qxe4 Qxf4 52. Qxg6 Qf3+ 0-1

[Event "World Rapid Women 2019"]
[Site "Moscow RUS"]
[Date "2019.12.27"]
[Round "8.17"]
[White "Goltseva, Ekaterina"]
[Black "Voit, Daria"]
[Result "0-1"]
[WhiteTitle "FM"]
[BlackTitle "WGM"]
[WhiteElo "2297"]
[BlackElo "2336"]
[WhiteFideId "24173770"]
[BlackFideId "4182146"]
[EventDate "2019.12.26"]

1. d4 Nf6 2. c4 e6 3. Nc3 Bb4 4. e3 d5 5. Nf3 O-O 6. Bd3 c5 7. O-O dxc4 8. Bxc4
cxd4 9. exd4 b6 10. Bg5 Bb7 11. Qe2 Bxc3 12. bxc3 Nbd7 13. Nd2 Qc7 14. Rac1 Rac8
15. f3 Rfe8 16. Bh4 e5 17. Qf2 a6 18. Bg3 b5 19. Bb3 Nh5 20. Ne4 h6 21. Rcd1
Nxg3 22. Qxg3 Bxe4 23. fxe4 Re7 24. Rf3 Nb6 25. dxe5 Nc4 26. Rd5 Nxe5 27. Rf5
Nc4 28. Qf2 Rxe4 29. Rc5 Qd8 30. Rxc8 Qxc8 31. Rxf7 Qe8 32. Qf3 Re1+ 33. Kf2 Rc1
34. Qf4 Qxf7 0-1

[Event "World Rapid Women 2019"]
[Site "Moscow RUS"]
[Date "2019.12.27"]
[Round "8.19"]
[White "Khademalsharieh, Sarasadat"]
[Black "Dauletova, Gulmira"]
[Result "1-0"]
[WhiteTitle "IM"]
[BlackTitle "WIM"]
[WhiteElo "2487"]
[BlackElo "2250"]
[WhiteFideId "12512214"]
[BlackFideId "13702971"]
[EventDate "2019.12.26"]

1. d4 Nf6 2. c4 e6 3. Nf3 d5 4. Nc3 Bb4 5. Qa4+ Nc6 6. Bg5 dxc4 7. e4 h6 8. Bxf6
Qxf6 9. Bxc4 O-O 10. O-O Ba5 11. Bb5 Bb6 12. Bxc6 bxc6 13. Qxc6 Rb8 14. Qc4 Rd8
15. Rfd1 Bb7 16. Rd2 Qf4 17. Re1 g5 18. h3 Qf6 19. Na4 Rbc8 20. Nxb6 cxb6 21.
Qa4 a6 22. Qb3 b5 23. Qe3 Rc7 24. Red1 Rcd7 25. Ne5 Rc7 26. Qg3 Qf4 27. Qxf4
gxf4 28. f3 Kg7 29. d5 exd5 30. exd5 Rc5 31. a3 f6 32. Ng4 Rcxd5 33. Rxd5 Rxd5
34. Rxd5 Bxd5 35. b4 Kg6 36. Kf1 h5 37. Nf2 Bc4+ 38. Ke1 Kf5 39. Ne4 Ke5 40. h4
f5 41. Nc5 Kd4 42. Kd2 Bf1 43. Nxa6 Bxg2 44. Ke2 Kc4 45. Kf2 Bh3 46. Nc7 Bg4 47.
fxg4 fxg4 48. Ne6 Kb3 49. Nxf4 Kxa3 50. Nxh5 Kxb4 51. Nf4 Kc4 52. h5 b4 53. Ke2
b3 54. Kd2 b2 55. Kc2 Kd4 56. h6 Ke4 57. Nh5 1-0

[Event "World Rapid Women 2019"]
[Site "Moscow RUS"]
[Date "2019.12.27"]
[Round "8.20"]
[White "Zatonskih, Anna"]
[Black "Kovanova, Baira"]
[Result "0-1"]
[WhiteTitle "IM"]
[BlackTitle "WGM"]
[WhiteElo "2420"]
[BlackElo "2335"]
[WhiteFideId "14101572"]
[BlackFideId "4164083"]
[EventDate "2019.12.26"]

1. d4 Nf6 2. Nf3 e6 3. g3 b6 4. Bg2 Bb7 5. O-O c5 6. c4 cxd4 7. Qxd4 Nc6 8. Qf4
Be7 9. Nc3 O-O 10. Rd1 d6 11. b3 Qc8 12. Bb2 Rd8 13. Rac1 Qb8 14. e4 a6 15. Qe3
Nd7 16. Nd4 Bf6 17. Nce2 Ne7 18. f4 e5 19. fxe5 Bxe5 20. Nc3 Nc5 21. Rc2 Qc8 22.
Nf3 Bf6 23. Rcd2 Qe6 24. Nd4 Qe5 25. Rf2 Re8 26. Nf3 Qh5 27. Re1 Nf5 28. Qf4 Nd4
29. Nd5 Bxd5 30. Nxd4 Nd3 31. Qf5 Qxf5 32. Nxf5 Nxe1 33. cxd5 Bxb2 34. Rxb2 Nxg2
35. Kxg2 Rxe4 36. Rc2 Re5 37. g4 g6 38. Nxd6 Rxd5 39. Ne4 Re5 40. Kf3 h6 41. h4
Kg7 42. g5 hxg5 43. hxg5 Rd8 44. Rc4 b5 0-1

[Event "World Rapid Women 2019"]
[Site "Moscow RUS"]
[Date "2019.12.27"]
[Round "8.21"]
[White "Paehtz, Elisabeth"]
[Black "Afonasieva, Anna"]
[Result "0-1"]
[WhiteTitle "IM"]
[BlackTitle "WFM"]
[WhiteElo "2475"]
[BlackElo "2302"]
[WhiteFideId "4641833"]
[BlackFideId "24173606"]
[EventDate "2019.12.26"]

1. d4 d5 2. Bf4 Nf6 3. e3 c5 4. c3 Nc6 5. Nd2 Bg4 6. Ngf3 cxd4 7. exd4 e6 8. Qb3
Qc8 9. Bd3 Be7 10. O-O O-O 11. Qc2 Bh5 12. Ne5 Qd8 13. Rae1 Rc8 14. Qb1 a6 15.
Re3 Bg6 16. Nxg6 hxg6 17. Be5 Ng4 18. Ree1 Ngxe5 19. dxe5 Bc5 20. Nf3 b5 21. Qc1
d4 22. Qf4 dxc3 23. Rd1 Nd4 24. Nxd4 Qxd4 25. Be4 g5 26. bxc3 Qxd1 27. Bh7+ Kh8
28. Qxg5 Qxf1+ 29. Kxf1 Kxh7 30. h4 Rc7 31. h5 Be7 32. Qf4 Rc4 33. Qf3 Bg5 34.
g3 Kg8 35. Qb7 Ra4 36. f4 Bh6 37. Kg2 Rxa2+ 38. Kh3 Rd8 39. Qe7 Rad2 40. Qa7
R2d3 41. Kg4 Rxc3 42. Qxa6 b4 43. Qb7 b3 44. Kh4 Re3 45. Qb5 Rdd3 46. Qe8+ Kh7
47. Qxf7 Rxg3 48. Qxe6 Rh3+ 49. Kg4 Rdg3+ 50. Kf5 Rh4 51. Qb6 Rxf4+ 52. Ke6 Rfg4
53. Ke7 Be3 54. Qb5 Bd4 55. e6 Rg5 56. Qc4 b2 57. Qc2+ Kh6 58. Kf8 Rc5 59. Qe4
Re5 60. Qf4+ Rgg5 61. Qf1 Ref5+ 0-1

[Event "World Rapid Women 2019"]
[Site "Moscow RUS"]
[Date "2019.12.27"]
[Round "8.22"]
[White "Guichard, Pauline"]
[Black "Borisova, Ekaterina"]
[Result "0-1"]
[WhiteTitle "IM"]
[BlackTitle "FM"]
[WhiteElo "2408"]
[BlackElo "2344"]
[WhiteFideId "639370"]
[BlackFideId "34124184"]
[EventDate "2019.12.26"]

1. c4 e6 2. Nf3 Nf6 3. Nc3 d5 4. e3 Be7 5. b3 O-O 6. Bb2 b6 7. cxd5 exd5 8. d4
Bb7 9. Ne5 Nbd7 10. f4 Nxe5 11. fxe5 Ne4 12. Bd3 Bb4 13. Bxe4 Qh4+ 14. Kd2 dxe4
15. Qe1 Qe7 16. a3 Bxc3+ 17. Bxc3 Bd5 18. Kc2 Qe6 19. Rb1 a5 20. Rf1 a4 21. b4
Bc4 22. Kc1 Bd3 23. Rb2 c5 24. Kd2 cxd4 25. Bxd4 Bxf1 26. Qxf1 Rad8 27. Ke1 Qh6
28. g3 Rxd4 29. exd4 Qc1+ 0-1

[Event "World Rapid Women 2019"]
[Site "Moscow RUS"]
[Date "2019.12.27"]
[Round "8.23"]
[White "Ambartsumova, Karina"]
[Black "Serikbay, Assel"]
[Result "1/2-1/2"]
[WhiteTitle "IM"]
[BlackTitle "WIM"]
[WhiteElo "2341"]
[BlackElo "2286"]
[WhiteFideId "4166299"]
[BlackFideId "13706799"]
[EventDate "2019.12.26"]

1. c4 e5 2. Nc3 Nf6 3. Nf3 Nc6 4. a3 d5 5. cxd5 Nxd5 6. Qc2 Be7 7. e3 O-O 8. b4
a6 9. Bb2 Nb6 10. Be2 Kh8 11. O-O f5 12. d4 e4 13. Nd2 Be6 14. Nb3 Rb8 15. Rfd1
Bg8 16. d5 Na7 17. Nc5 Bd6 18. Rac1 Nac8 19. Qd2 Ne7 20. Qd4 Ng6 21. Ne6 Bxe6
22. dxe6 Qe7 23. Nd5 Nxd5 24. Qxd5 b5 25. Rc6 Rbd8 26. Qb3 f4 27. exf4 Nxf4 28.
Bf1 Nxe6 29. h3 Qf7 30. Qc2 Qf4 31. g3 Qf7 32. Rxa6 Ng5 33. Bg2 Bxg3 34. Rxd8
Bxf2+ 35. Kh1 Rxd8 36. Rc6 Bg3 37. Rc5 Nf3 38. Bc3 Qd7 39. Bf1 Bd6 40. Rd5 Qe6
41. Rd1 Qg6 42. Qg2 Qf7 43. Bxb5 Rg8 44. Be2 Qf4 45. Rf1 Qe3 46. Bxf3 Qxc3 47.
Bxe4 Qe5 48. Bf3 Rf8 49. Be2 Re8 50. Bf3 Rf8 51. Be2 Re8 52. Bf3 Rf8 53. Be2 Re8 1/2-1/2

[Event "World Rapid Women 2019"]
[Site "Moscow RUS"]
[Date "2019.12.27"]
[Round "8.24"]
[White "Khomeriki, Nino"]
[Black "Nurgali, Nazerke"]
[Result "1-0"]
[WhiteTitle "WGM"]
[BlackTitle "WFM"]
[WhiteElo "2355"]
[BlackElo "2336"]
[WhiteFideId "13603191"]
[BlackFideId "13711261"]
[EventDate "2019.12.26"]

1. d4 d5 2. c4 e6 3. Nf3 Nf6 4. Nc3 Be7 5. Bg5 h6 6. Bh4 O-O 7. e3 b6 8. Bd3 Bb7
9. O-O Nbd7 10. Bg3 c5 11. cxd5 exd5 12. Ne5 a6 13. f4 c4 14. Bc2 b5 15. a3 Qb6
16. Qf3 Rad8 17. Bh4 Rfe8 18. Rad1 b4 19. axb4 Qxb4 20. Ba4 Qxb2 21. Rb1 Qxc3
22. Rxb7 Qa3 23. Bc6 c3 24. Bxd7 Nxd7 25. Bxe7 Nxe5 26. Bxa3 Nxf3+ 27. Rxf3 Rc8
28. Rb1 Rc4 29. Bc1 a5 30. Rf2 c2 31. Rb2 Rec8 32. Kf1 a4 33. Ra2 Kf8 34. Ke1
Ke7 35. Rd2 Kf6 36. Rd3 Kf5 37. Rda3 Ke4 38. Kd2 g5 39. fxg5 hxg5 40. Rxa4 R4c6
41. Ra7 f6 42. Re7+ Kf5 43. Rb7 g4 44. Rbb2 Rh8 45. Rxc2 Re6 46. Ra5 Ke4 47. Ke2
Rxh2 48. Kf2 Rh1 49. Rcc5 f5 50. Rxd5 Rxc1 51. Re5+ Rxe5 52. Rxe5+ Kd3 53. Kg3
Re1 54. d5 Kc4 55. Kf2 1-0

[Event "World Rapid Women 2019"]
[Site "Moscow RUS"]
[Date "2019.12.27"]
[Round "8.25"]
[White "Doluhanova, Evgeniya"]
[Black "Osmak, Iulija"]
[Result "0-1"]
[WhiteTitle "WGM"]
[BlackTitle "IM"]
[WhiteElo "2293"]
[BlackElo "2388"]
[WhiteFideId "14112035"]
[BlackFideId "14101602"]
[EventDate "2019.12.26"]

1. Nf3 d5 2. b3 Nf6 3. Bb2 e6 4. d3 c5 5. Nbd2 Nc6 6. g3 Be7 7. Bg2 O-O 8. O-O
a5 9. e4 a4 10. exd5 exd5 11. d4 a3 12. Bc3 Bg4 13. Qc1 Bxf3 14. Nxf3 Ne4 15.
Be1 Bf6 16. c3 cxd4 17. cxd4 Nxd4 18. Nxd4 Bxd4 19. Rb1 Qb6 20. Qf4 Rfe8 21. Rd1
Rac8 22. Qf5 Qc5 23. Bd2 g6 24. Qf3 Rc6 25. Be3 Bxe3 26. Qxe3 Qxe3 27. fxe3 Nc3
28. Rd2 Rxe3 29. Bxd5 Nxd5 30. Rxd5 Re2 31. Rd8+ Kg7 32. Rd7 Rf6 33. Rxf6 Kxf6
34. Rxb7 Rxa2 35. Ra7 Ke5 36. b4 Kd4 37. Rxf7 Rb2 0-1

[Event "World Rapid Women 2019"]
[Site "Moscow RUS"]
[Date "2019.12.27"]
[Round "8.26"]
[White "Song, Yuxin"]
[Black "Maltsevskaya, Aleksandra"]
[Result "1/2-1/2"]
[WhiteTitle "WIM"]
[BlackTitle "WGM"]
[WhiteElo "2299"]
[BlackElo "2318"]
[WhiteFideId "8614300"]
[BlackFideId "24174041"]
[EventDate "2019.12.26"]

1. e4 c5 2. Nf3 e6 3. d4 cxd4 4. Nxd4 Nc6 5. Nc3 a6 6. g3 Nf6 7. Bg2 Qc7 8. O-O
Nxd4 9. Qxd4 Bc5 10. Bf4 d6 11. Qd2 h6 12. Rad1 e5 13. Be3 Be6 14. Bxc5 dxc5 15.
Nd5 Bxd5 16. exd5 Qd6 17. c4 O-O 18. Bh3 Rab8 19. Rfe1 Rfe8 20. Re2 Re7 21. Rde1
Rbe8 22. Qc3 Nh7 23. a3 g6 24. b4 b6 25. bxc5 bxc5 26. Rb1 e4 27. Bg2 Nf6 28.
Rbe1 h5 29. h4 Re5 30. Re3 g5 31. hxg5 Rxg5 32. Bxe4 h4 33. Bg2 Rxe3 34. Rxe3
hxg3 35. Rxg3 Rxg3 36. Qxg3+ Qxg3 37. fxg3 Ng4 38. d6 Ne5 39. Bd5 Kf8 1/2-1/2

[Event "World Rapid Women 2019"]
[Site "Moscow RUS"]
[Date "2019.12.27"]
[Round "8.27"]
[White "Ushenina, Anna"]
[Black "Solozhenkina, Elizaveta"]
[Result "1-0"]
[WhiteTitle "GM"]
[BlackTitle "WIM"]
[WhiteElo "2416"]
[BlackElo "2329"]
[WhiteFideId "14110911"]
[BlackFideId "34106615"]
[EventDate "2019.12.26"]

1. Nf3 Nf6 2. g3 g6 3. d4 Bg7 4. c4 c6 5. Bg2 O-O 6. O-O d5 7. Qb3 Qb6 8. Nc3
Rd8 9. Bd2 Bf5 10. Na4 Qxb3 11. axb3 Na6 12. Rfc1 Ne4 13. Ba5 b6 14. Be1 c5 15.
e3 Nb4 16. Bxb4 cxb4 17. cxd5 Rac8 18. Ne5 Nd2 19. Nc6 Rd7 20. Nxb4 Rxc1+ 21.
Rxc1 Nxb3 22. Rc8+ Bf8 23. e4 a5 24. Nc6 b5 25. Nc5 Nxc5 26. dxc5 Bg4 27. f3
Rxd5 28. Rxf8+ 1-0

[Event "World Rapid Women 2019"]
[Site "Moscow RUS"]
[Date "2019.12.27"]
[Round "8.28"]
[White "Karavaeva, Olga"]
[Black "Socko, Monika"]
[Result "0-1"]
[WhiteTitle "WIM"]
[BlackTitle "GM"]
[WhiteElo "2260"]
[BlackElo "2407"]
[WhiteFideId "4124111"]
[BlackFideId "1106619"]
[EventDate "2019.12.26"]

1. c4 e5 2. Nc3 Nc6 3. g3 Nf6 4. Bg2 Bb4 5. Nd5 Bc5 6. e3 O-O 7. Ne2 d6 8. O-O
Bg4 9. h3 Bd7 10. d4 Bb6 11. Nxb6 axb6 12. b3 exd4 13. Nxd4 Nxd4 14. exd4 d5 15.
Bg5 dxc4 16. bxc4 h6 17. Bf4 Ra4 18. Qb3 Nh5 19. Be3 Qa8 20. a3 Re8 21. Rfe1 Nf6
22. d5 Qa6 23. Bf1 Qa5 24. Qb2 Ne4 25. Bd4 f6 26. Re3 Ng5 27. Rxe8+ Bxe8 28. Be3
Nf3+ 29. Kh1 Ne5 30. Qb3 Bf7 31. f4 Nxc4 32. Kh2 Nxe3 33. Qxe3 Qxd5 34. Bg2 Qd4
35. Qe1 Qb2 36. Rd1 Rd4 37. Rxd4 Qxd4 38. Qe7 c5 39. Qxb7 c4 40. h4 Qc5 41. Qa8+
Kh7 42. Qb7 Be6 43. Qe4+ Bf5 44. Qe2 c3 45. Be4 c2 46. Bxf5+ Qxf5 47. Qd2 Qc5
48. Qc1 Qf2+ 49. Kh3 Qe2 50. g4 h5 51. g5 f5 52. g6+ Kxg6 53. a4 Kh7 0-1

[Event "World Rapid Women 2019"]
[Site "Moscow RUS"]
[Date "2019.12.27"]
[Round "8.29"]
[White "Mkrtchian, Lilit"]
[Black "Garifullina, Leya"]
[Result "1/2-1/2"]
[WhiteTitle "IM"]
[BlackTitle "WIM"]
[WhiteElo "2395"]
[BlackElo "2308"]
[WhiteFideId "13300601"]
[BlackFideId "34127035"]
[EventDate "2019.12.26"]

1. c4 b6 2. Nc3 Bb7 3. e4 Nf6 4. d3 Nc6 5. Nge2 e5 6. g3 Bc5 7. h3 O-O 8. Bg2 h6
9. O-O Ne8 10. Kh2 Nd4 11. Nxd4 Bxd4 12. Ne2 Bc5 13. f4 exf4 14. Nxf4 Be7 15. d4
d6 16. Qd3 c5 17. Be3 Bf6 18. Rad1 cxd4 19. Bxd4 Bxd4 20. Qxd4 Nf6 21. Qxd6 Qxd6
22. Rxd6 Bxe4 23. Nh5 Nxh5 24. Bxe4 Rac8 25. b3 Nf6 26. Bf3 Rfe8 27. Rfd1 Kh7
28. Kg2 Re5 29. Rd8 Rc7 30. R1d2 g6 31. Re2 Rec5 32. Rd4 Kg7 33. Rf2 b5 34. cxb5
Rxb5 35. Be2 Re5 36. Bc4 Rce7 37. Rdf4 Nd5 38. Bxd5 Rxd5 39. R4f3 1/2-1/2